| 000 | 01743nam0a2200325 4500 | ||
|---|---|---|---|
| 001 | RU\NLR\bibl\1682956 | ||
| 005 | 20260408204344.0 | ||
| 010 |
_a978-5-7045-0972-1 _9130 |
||
| 021 |
_aRU _b2010-67219 _94420 |
||
| 035 | _a(NLR Aleph) 001674146 | ||
| 090 |
_a1060193 _c1060193 |
||
| 100 | _a20101007d2010 |||y0rusy50 ca | ||
| 101 | 0 | _arus | |
| 102 | _aRU | ||
| 105 | _aa ||||||||| | ||
| 200 | 1 |
_aВозможности применения программного комплекса Лира-9 в дипломном проектировании при расчете стержневых конструкций _eучебное пособие [для студентов строительных университеттов] _fН.Н. Демидов |
|
| 210 |
_aМосква _cМГОУ _d2010 |
||
| 215 |
_a67 с. _cил. _d20 |
||
| 313 | _aметаллические конструкции | ||
| 320 | _aБиблиогр.: с. 67 (4 назв.) | ||
| 606 | 1 |
_aМеталлические конструкции стержневые _jУчебные издания для высших учебных заведений _xРасчет _xАвтоматизация _91582753 _3RU\NLR\auth\66694797 |
|
| 606 |
_a"ЛИРА-САПР", программный комплекс _jУчебные издания для высших учебных заведений _3RU\NLR\auth\661568774 _92090176 |
||
| 686 | _aН549.1-02-5-05я73-1 | ||
| 700 | 1 |
_4070 _8rus _7ca _aДемидов _bН. Н. _cканд. техн. наук, строительство _gНиколай Николаевич _3RU\NLR\AUTH\7777904 _960832 |
|
| 801 | 0 |
_aRU _bNLR _c20101007 _gRCR |
|
| 801 | 1 |
_aRU _bNLR _c20101007 |
|
| 942 | _cBOOK | ||
| 980 | _aNB | ||